000 00799nam2a2200205 4500
001 RU\NLR\PER_A\002441219_000290
005 20250625071032.0
035 _a(NLR Aleph) 021970291
090 _a12358560
_c12358560
100 _a20230628d2000 |||y0rusy50 ca
101 0 _arus
_asah
102 _aRU
200 0 _a2000, № 3 (22)
210 _d2000
_aБ. м.
461 0 _1001RU\NLR\INFOCOMM\1000067067
_12001#$aИлин$eЖурн. М-ва культуры Респ. Саха (Якутия) и Союза "Саха омук"$v2000, № 3 (22)
_92081281
_cЯкутск
_d1991 -
_oЖурн. М-ва культуры Респ. Саха (Якутия) и Союза "Саха омук"
_tИлин
_v2000, № 3 (22)
852 _aNLR
_jП23/3628
942 _cISSUE
980 _aNB
980 _aRUSPER